| 000 | 00326cam a22001217a 4500 | ||
|---|---|---|---|
| 008 | 180718b1955 xxu||||| |||| 00| 0 eng d | ||
| 082 | _aJ71 K842 | ||
| 100 | _aKorn, Arthur | ||
| 245 |
_aHistory builds the town _cby Arthur Korn |
||
| 260 |
_aLondon _bLund Humphries _c1955 |
||
| 300 | _a110p. | ||
| 650 | _aCity planning --History | ||
| 999 |
_c369645 _d369645 |
||